| 000 | 00485nam a2200169Ia 4500 | ||
|---|---|---|---|
| 008 | 151021s9999 xx 000 0 und d | ||
| 020 | _a1618192344 | ||
| 050 | _aLB17.O87 2003 | ||
| 245 | _a_Foundation of education (8th ed.) Allan C. Ornstein | ||
| 260 | _aBoston Houghton 2003 | ||
| 300 | _axviii,523p. | ||
| 500 | _aInclude index | ||
| 500 | _aInclude index | ||
| 650 | _a_Foundation of education | ||
| 700 | _a_Levine Daniel U. | ||
| 980 | _a^d20120828 12:26:33^okorir | ||
| 999 |
_c12573 _d12573 |
||